Normal view
MARC view
- Graziani, Mauro.
Entry Personal Name
001 - CONTROL NUMBER
- control field: 3393
003 - CONTROL NUMBER IDENTIFIER
- control field: NUST
005 - DATE AND TIME OF LATEST TRANSACTION
- control field: 20170718151234.0
008 - FIXED-LENGTH DATA ELEMENTS
- fixed length control field: 170718|| aca||aabn | a|a d
040 ## - CATALOGING SOURCE
- Original cataloging agency: NUST
- Transcribing agency: NUST
100 ## - HEADING--PERSONAL NAME
- Personal name: Graziani, Mauro.
670 ## - SOURCE DATA FOUND
- Source citation: Work cat.: (NUST)0: Renewable resources and renewable energy :, c2012.
